00332nam a2200121Ia 4500008004100000041000800041082001700049100002700066245006600093260000800159365001600167700002700183230719s9999 xx 000 0 und d aeng a658.403bIMS aIms Learning Resources aNew Gd Path FinderbA Complete Guide To Ace Group Discussions bIms cRs.b250.00 aIms Learning Resources